书目信息 |
| 题名: |
疼痛及其脊髓机理
|
|
| 作者: | 赵志奇 | |
| 分册: | ||
| 出版信息: | 上海 上海科技教育出版社 2000 |
|
| 页数: | 242 | |
| 开本: | 20cm | |
| 丛书名: | 脑科学丛书 | |
| 单 册: | ||
| 中图分类: | R339.11 | |
| 科图分类: | ||
| 主题词: | 人体生理学 | |
| 电子资源: | ||
| ISBN: | 7-5428-2251-9 | |
| 000 | 00578nam0 2200205 450 | |
| 001 | 0741144344 | |
| 005 | 20070817112544.34 | |
| 010 | @a7-5428-2251-9@b精装@d¥21.00 | |
| 100 | @a20070817d km y0chiy0120 ea | |
| 101 | 0 | @achi |
| 200 | 1 | @a疼痛及其脊髓机理@Ateng tong ji qi ji sui ji li@f赵志奇@Fzhao zhi qi |
| 210 | @a上海@c上海科技教育出版社@d2000 | |
| 215 | @a242@d20cm | |
| 225 | 2 | @a脑科学丛书 |
| 410 | 0 | @12001 @a脑科学丛书 |
| 606 | 0 | @a人体生理学 |
| 690 | @aR339.11@v3 | |
| 701 | 0 | @a赵志奇@Azhao zhi qi |
| 801 | 0 | @aCN@bPFT@c20070817 |
| 905 | @a213230@dR339.11@en1@f1 | |
| 疼痛及其脊髓机理/赵志奇.-上海:上海科技教育出版社,2000 |
| 242;20cm.-(脑科学丛书) |
| ISBN 7-5428-2251-9(精装):¥21.00 |
| ● |
| 相关链接 |
|
|
|
|
正题名:疼痛及其脊髓机理
索取号:R339.11/n1
 
预约/预借
| 序号 | 登录号 | 条形码 | 馆藏地/架位号 | 状态 | 备注 |
| 1 | 6600909 | 266009099 | 密集书库-生命科学系/ [索取号:R339.11/n1] | 在馆 |